All the Non-League Clubs in London - Statistics

General Stats
  • This quiz has been taken 54 times
  • The average score is 6 of 25
Answer Stats
Answer % Correct
Dulwich Hamlet
64%
Enfield Town
50%
Hornchurch
47%
Cray Wanderers
39%
Welling United
39%
Kingstonian
36%
Hampton & Richmond Borough
31%
Haringey Borough
28%
Cray Valley Paper Mills
25%
Hendon
25%
Wingate & Finchley
25%
Carshalton Athletic
22%
Romford
22%
Corinthian-Casuals
17%
Harrow Borough
17%
Barking
14%
Uxbridge
14%
Hanwell Town
11%
Hayes & Yeading United
11%
Northwood
11%
VCD Athletic
11%
Cheshunt
8%
Tooting & Mitcham United
8%
Bedfont Sports
3%
Phoenix Sports
3%
No matching quizzes found
Score Distribution
Percent of People with Each Score
Percentile by Number Answered
Your Score History
You have not taken this quiz